000 00801cam a2200241 a 4500
001 000004558
005 20200929151448.0
008 820309s1944 ag a 000 0aspa
040 _aDO-SdBNP
_bspa
_cBNPHU
041 1 7 _aeng
_hger
082 _a833.91
_bR573c, 1944
100 1 _aRilke, Rainer Maria,
_d1875-1926.
_92953
240 1 4 _aDie aufzeichnungen des malte Laurids Brigge.
_lEspañol
245 1 4 _aLos cuadernos de Malte Laurids Brigge /
_cRainer María Rilke; traductor, Francisco Ayala.
250 _a2a ed.
260 _aBuenos Aires :
_bLosada,
_c1944.
300 _a243 p. :
_bil. ;
_c17 cm.
490 1 _aLa Pajarita de Papel
650 4 _aNovela alemana
_93302
650 4 _aLiteratura alemana
_93274
700 1 _aAyala, Francisc,
_etr.
_913311
830 3 _aLa Pajarita de Papel
_913312
999 _c4366
_d4366